Statystyki dla Star Wars - wiedza ogólna

Kliknij tutaj aby rozwiązać quiz!

Ogólne statystyki

  • Ten quiz został rozwiązany 472 razy
  • Średni wynik to 6 z 15

Statystyki odpowiedzi

WskazówkaOdpowieź% Poprawnych
Klon Jango FettaBoba Fett
80%
Udał się na wygnanie na DagobahYoda
71%
Przybrane imię Obi-WanaBen Kenobi
68%
Uczennica AnakinaAhsoka Tano
59%
Prowadził wyrównaną walkę z PalpatinemMace Windu
56%
Mistrz szermierki i walki mieczem świetlnym, hrabia SerennoHrabia Dooku
55%
Dowódca 212 batalionu szturmowegoCody
52%
Zginęła na FelucjiAayla Secura
46%
Dug, startujący w wyścigach na TatooineSebulba
31%
Mistrz Dartha SidiusaDarth Plagueis
24%
Przejął imperium Hattów po śmierci JabbyBib Fortuna
21%
Uczennica Luminary UnduliBarrissa Offee
16%
Typ kanonierek, które brały udział w pierwszej bitwie o GeonosisLAAT
10%
Typ statku, którym poruszał się Anakin podczas bitwy o CoruscantInterceptor Jedi
3%
Wielki płazossak zamieszkujący BoganoBinog
2%

Rozkład punktacji

Percentyl według liczby udzielonych odpowiedzi

Procent ludzi z każdym wynikiem

Twoja historia wyników

Nie rozwiązałeś tego quizu